La democracia en América Latina /
שמור ב:
| מחבר ראשי: | |
|---|---|
| פורמט: | לא ידוע |
| שפה: | Spanish |
| נושאים: | |
| תגים: |
הוספת תג
אין תגיות, היה/י הראשונ/ה לתייג את הרשומה!
|
MARC
| LEADER | 000000000a22000000004500 | ||
|---|---|---|---|
| 001 | 002375 | ||
| 041 | 0 | |a spa | |
| 100 | 1 | |a Reitman, Marcos | |
| 245 | 1 | 3 | |a La democracia en América Latina / |c Marcos Reitman. |
| 310 | |a trimestral | ||
| 500 | |a Coloquio con científicos sociales latinoamericanos | ||
| 650 | 4 | |a DEMOCRATIZACION | |
| 650 | 4 | |a CRISIS ECONOMICA | |
| 650 | 4 | |a POLITICA | |
| 650 | 4 | |a DEMOCRACIA | |
| 650 | 4 | |a DEMOCRACIA RESTRINGIDA | |
| 650 | 4 | |a DICTADURAS | |
| 650 | 4 | |a SEGURIDAD NACIONAL | |
| 650 | 4 | |a BURGUESIA | |
| 650 | 4 | |a ASPECTOS POLITICOS | |
| 650 | 4 | |a ASPECTOS ECONOMICOS | |
| 773 | 0 | |x 0482-5276 |d San José, Costa Rica |d Revista de Ciencias Sociales |g número 48 (1990), páginas 48-115 | |
| 942 | |c ARC | ||
| 999 | |c 9893 |d 9893 | ||
